|
|
|
|
| LEADER |
01121nam a2200265 a 4500 |
| 001 |
c000050487 |
| 003 |
CARM |
| 005 |
00000000000000.0 |
| 008 |
861107s1975 vra 00000 eng d |
| 019 |
1 |
|
|a 2948516
|5 LACONCORD2021
|
| 035 |
|
|
|a (OCoLC)220332401
|5 LACONCORD2021
|
| 040 |
|
|
|a VDU
|c VDU
|
| 042 |
|
|
|a anuc
|
| 043 |
|
|
|a u-at-vi
|
| 082 |
1 |
|
|a 371.1009945
|2 19
|
| 245 |
0 |
4 |
|a The Role of teachers in Victorian technical education.
|
| 260 |
|
|
|a Hawthorn, Vic. :
|b Research and Advisory Committee, State College of Victoria of Hawthorn,
|c 1975.
|
| 300 |
|
|
|a 17, [11] p. ;
|c 34 cm.
|
| 500 |
|
|
|a Cover title.
|
| 500 |
|
|
|a "This report is prepared by the Research and Advisory Committee for Non-Graduate Teachers"--Pref.
|
| 650 |
|
0 |
|a Teachers
|z Victoria
|x Attitudes.
|
| 710 |
2 |
0 |
|a State College of Victoria at Hawthorn.
|b Research and Advisory Committee for Non-Graduate Teachers.
|
| 852 |
8 |
|
|b CARM
|h A2:AH35D0
|i E00971
|p 0179429
|f BK
|
| 999 |
f |
f |
|i 73b7647d-71c4-5e1a-871d-3ca768df4210
|s dc0fac71-a06b-5fdf-b9ee-b48de5775c84
|
| 952 |
f |
f |
|p Can circulate
|a CAVAL
|b CAVAL
|c CAVAL
|d CARM 1 Store
|e E00971
|f A2:AH35D0
|h Other scheme
|i book
|m 0179429
|